Η εκπαιδευτική ψηφιακή αφήγηση και η δυναμική του μύθου : διπλωματική εργασία [μεταπτυχιακή εργασία]

Αποθηκεύτηκε σε:
Λεπτομέρειες βιβλιογραφικής εγγραφής
Κύριος συγγραφέας: Ζαννέτου, Νέλια
Συγγραφή απο Οργανισμό/Αρχή: Πανεπιστήμιο Αιγαίου Σχολή Ανθρωπιστικών Επιστημών Τμήμα Επιστημών της Προσχολικής Αγωγής και του Εκπαιδευτικού Σχεδιασμού Πρόγραμμα Μεταπτυχιακών Σπουδών Μοντέλα Σχεδιασμού και Ανάπτυξης Εκπαιδευτικών Μονάδων
Άλλοι συγγραφείς: Μεϊμάρης, Μιχάλης Γ. (Εισηγητής διατριβής)
Μορφή: Thesis Βιβλίο
Γλώσσα:Greek
Δημοσίευση: 2014
Θέματα:
Διαθέσιμο Online:http://hdl.handle.net/11610/14295
Ετικέτες: Προσθήκη ετικέτας
Δεν υπάρχουν, Καταχωρήστε ετικέτα πρώτοι!

MARC

LEADER 00000cam a2200000 i 4500
001 1/59515
008 141111s2014 gre d
035 |l 10119709 
040 |a GR-MY-UA  |b gre  |e aacr 
041 0 |a gre 
082 0 |a 372.67702  |2 (22) 
100 1 |a Ζαννέτου, Νέλια. 
245 1 2 |a Η εκπαιδευτική ψηφιακή αφήγηση και η δυναμική του μύθου :  |b διπλωματική εργασία [μεταπτυχιακή εργασία] /  |c Νέλια Ζαννέτου ; επιβλέπων: Μιχάλης Μεϊμάρης 
260 |c 2014 
300 |a 102 σ.;  |c 30 εκ. 
500 |a Μέλη εξεταστικής επιτροπής: Φραγκίσκος Καλαβάσης, Παναγιώτης Σταμάτης 
502 |a Διατριβή (μεταπτυχιακή) – Πανεπιστήμιο Αιγαίου, Ρόδος, 2014. 
504 |a Βιβλιογραφία: σ. 86-102 
650 0 0 |a Storytelling. 
650 0 0 |a Storytelling  |x Data processing. 
650 0 0 |a Digital storytelling. 
650 0 0 |a Tales. 
650 0 0 |a Interactive multimedia. 
650 0 0 |a Storytelling in education. 
650 0 0 |a Dissertations, Academic  |z Greece. 
700 1 |a Μεϊμάρης, Μιχάλης Γ.  |4 ths 
710 2 |a Πανεπιστήμιο Αιγαίου   |b Σχολή Ανθρωπιστικών Επιστημών   |b Τμήμα Επιστημών της Προσχολικής Αγωγής και του Εκπαιδευτικού Σχεδιασμού   |b Πρόγραμμα Μεταπτυχιακών Σπουδών Μοντέλα Σχεδιασμού και Ανάπτυξης Εκπαιδευτικών Μονάδων . 
852 |a INST  |b RHODES  |c DIATR  |e 20141111  |h 372.67702 ΖΑΝ  |p 005400037271  |q 005400037271  |t MTXE  |y 23 
852 |a INST  |b RHODES  |c DIATR  |e 20141111  |h 372.67702 ΖΑΝ  |p 005400037272  |q 005400037272  |t MTXE  |y 23 
856 |u http://hdl.handle.net/11610/14295 
901 |a BIBL4-2014-3 
909 |a Ρ  |b 183591 
909 |a Ρ  |b 183592 
924 |a ΖΑΝΝΕΤΟΥ  |b ΝΕΛΙΑ  |y ΡΟΔΟΣ  |z 2014-06 
970 |z 2014/11/10